| 000 | 01547nam0a22002771 4500 | ||
|---|---|---|---|
| 001 | rc\3393071 | ||
| 005 | 20260407170254.0 | ||
| 021 |
_aRU _b[74-38519] |
||
| 035 | _a(NLR Aleph) 007539392 | ||
| 090 |
_a9749176 _c9749176 |
||
| 100 | _a20130115d1974 |||y0rusy50 ca | ||
| 101 | 0 | _arus | |
| 102 | _aRU | ||
| 105 | _ay b ||||| | ||
| 200 | 1 |
_aОпыт работы проектных и изыскательских организаций, переведенных на новую систему планирования и экономического стимулирования в 1971-1973 годах _e[Доклад] _fГос. ком. Совета Министров СССР по делам стр-ва "Госстрой ССР. [Всесоюз. совещ. работников проектных и изыскательских организаций] |
|
| 210 |
_aМосква _cСтройиздат _d1974 |
||
| 215 | _a20 с. | ||
| 606 |
_aПроектные организации _xЭкономическое стимулирование _2psbo |
||
| 606 |
_aПроектные организации _xПланирование _2psbo |
||
| 700 | 1 |
_aАрендаренко _bВ.А. _gВасилий Андреевич |
|
| 712 | 1 | 2 |
_aВсесоюзное совещание работников проектных и изыскательных организаций _f1974 _eМосква _3RU\NLR\AUTH\8810106174 _9712628 |
| 801 | 0 |
_aRU _bNLR _gpsbo |
|
| 801 | 1 |
_aRU _bELAR _2rusmarc |
|
| 852 |
_aNLR _j73-6/14341 |
||
| 942 | _cBOOK | ||
| 980 | _aNB | ||